[Event "NOR-chT Elite 2324"]
[Site "Norway"]
[Date "2023.10.27"]
[Round "1.26"]
[White "Kjolberg, Jens Hjorth"]
[Black "Diesen, Bruce"]
[Result "1-0"]
[WhiteElo "2152"]
[BlackElo "2122"]
[PlyCount "80"]
[EventDate "2023.10.27"]
[EventType "team-tourn"]
[EventRounds "9"]
[EventCountry "NOR"]
[SourceTitle "Mega2024 Update 01"]
[Source "Chessbase"]
[SourceDate "2023.11.12"]
[SourceVersion "1"]
[SourceVersionDate "2023.11.12"]
[SourceQuality "1"]
[WhiteTeam "Oslo SK 1911"]
[BlackTeam "Asker"]
[WhiteTeamCountry "NOR"]
[BlackTeamCountry "NOR"]

1. e4 e5 2. Nf3 Nc6 3. Bb5 a6 4. Ba4 Nf6 5. 0-0 Be7 6. d3 b5 7. Bb3 d6 8. a4 Rb8 9. axb5 axb5 10. Nc3 0-0 11. Nd5 Bg4 12. c3 Qd7 13. h3 Bh5 14. Ra6 Nd8 15. Be3 Nxd5 16. Bxd5 c6 17. Bb3 Kh8 18. g4 Bg6 19. Qe2 Ne6 20. Rfa1 Rb7 21. Ra8 Nc7 22. Rxf8+ Bxf8 23. Nh4 d5 24. Kg2 Be7 25. Nxg6+ hxg6 26. Qf3 Kg8 27. d4 b4 28. exd5 cxd5 29. c4 exd4 30. Bxd4 Ne6 31. Ra8+ Bf8 32. Be3 d4 33. Bd2 Rb6 34. Bd1 Nc5 35. g5 Ne6 36. h4 Qc7 37. Qd5 Kh7 38. Bf3 Bd6 39. Qa5 Bf4 40. Bxb4 Bd6 1-0

[Event "NOR-chB"]
[Site "Oslo"]
[Date "2023.07.07"]
[Round "8"]
[White "Kjolberg, Jens Hjorth"]
[Black "Ji, Jiahao Eric"]
[Result "1/2-1/2"]
[WhiteElo "2148"]
[BlackElo "1985"]
[PlyCount "70"]
[EventDate "2023.06.30"]
[EventType "swiss"]
[EventRounds "9"]
[EventCountry "NOR"]
[SourceTitle "EXT 2024"]
[Source "ChessBase"]
[SourceDate "2023.10.10"]
[SourceVersion "1"]
[SourceVersionDate "2023.10.10"]
[SourceQuality "1"]

1. d4 d5 2. c4 dxc4 3. Nf3 Nf6 4. e3 e6 5. Bxc4 c5 6. 0-0 a6 7. dxc5 Qxd1 8. Rxd1 Bxc5 9. Nc3 b5 10. Be2 Bb7 11. Nd2 Nbd7 12. Nb3 Bb6 13. a4 b4 14. a5 bxc3 15. axb6 cxb2 16. Bxb2 Nxb6 17. Ba3 Bd5 18. Na5 Nfd7 19. g4 h5 20. g5 f5 21. Rac1 Kf7 22. Rc7 Rhc8 23. Rdc1 Kg6 24. f4 Rxc7 25. Rxc7 Rc8 26. Rxc8 Nxc8 27. Bxa6 Ncb6 28. Bb5 Kf7 29. Bb2 g6 30. Bd4 Ke7 31. Nc6+ Kd6 32. Nd8 Ke7 33. Nc6+ Kd6 34. Nd8 Ke7 35. Nc6+ Kd6 1/2-1/2

[Event "NOR-chB"]
[Site "Oslo"]
[Date "2023.07.02"]
[Round "2"]
[White "Ayzenberg, Alena"]
[Black "Kjolberg, Jens Hjorth"]
[Result "0-1"]
[WhiteElo "2004"]
[BlackElo "2148"]
[PlyCount "90"]
[EventDate "2023.06.30"]
[EventType "swiss"]
[EventRounds "9"]
[EventCountry "NOR"]
[SourceTitle "EXT 2024"]
[Source "ChessBase"]
[SourceDate "2023.10.10"]
[SourceVersion "1"]
[SourceVersionDate "2023.10.10"]
[SourceQuality "1"]

1. d4 Nf6 2. c4 e6 3. Nf3 d5 4. g3 Bb4+ 5. Nbd2 dxc4 6. a3 Bxd2+ 7. Bxd2 Bd7 8. Qc2 Bb5 9. Bg2 Nbd7 10. a4 Ba6 11. Bb4 c5 12. dxc5 Nxc5 13. 0-0 Qb6 14. Ba3 Rc8 15. Rad1 0-0 16. Rd4 Qb3 17. Qxb3 Nxb3 18. Bxf8 Nxd4 19. Nxd4 Kxf8 20. Rc1 Nd5 21. Bxd5 exd5 22. e3 b6 23. Ne2 Rc5 24. Nc3 Bb7 25. Kf1 Bc6 26. Ra1 Ra5 27. Ra3 Ke7 28. Ke1 Kd6 29. Kd2 a6 30. Kc2 Kc5 31. Kd2 d4 32. exd4+ Kxd4 33. Ne2+ Kc5 34. Nc3 Kd6 35. f4 Rh5 36. h4 Kc5 37. Ke3 Rh6 38. Kf2 Rd6 39. Ne2 Rd2 40. a5 b5 41. Re3 Rxb2 42. Re7 b4 43. Rxf7 b3 44. Re7 c3 45. Ke1 Rxe2+ 0-1

[Event "NOR-chB"]
[Site "Oslo"]
[Date "2023.07.01"]
[Round "1"]
[White "Kjolberg, Jens Hjorth"]
[Black "Sending, Stale Andre"]
[Result "1-0"]
[WhiteElo "2148"]
[BlackElo "2034"]
[PlyCount "83"]
[EventDate "2023.06.30"]
[EventType "swiss"]
[EventRounds "9"]
[EventCountry "NOR"]
[SourceTitle "EXT 2024"]
[Source "ChessBase"]
[SourceDate "2023.10.10"]
[SourceVersion "1"]
[SourceVersionDate "2023.10.10"]
[SourceQuality "1"]

1. d4 Nf6 2. c4 g6 3. Nc3 Bg7 4. e4 d6 5. Be2 e5 6. d5 0-0 7. h4 h6 8. Be3 a5 9. g4 Ne8 10. Qd2 Kh7 11. h5 g5 12. Nh3 Bf6 13. f3 Na6 14. Nf2 c5 15. 0-0 Bd7 16. Nh1 Nac7 17. a3 Qb8 18. Rab1 Na6 19. Ng3 Bd8 20. Bd3 f6 21. Rfc1 Rf7 22. Qe2 b6 23. b3 Ra7 24. Na2 Ng7 25. Rb2 Be8 26. Rcb1 Rfb7 27. Nc3 Bd7 28. Bf2 Ne8 29. Nf5 Nac7 30. b4 axb4 31. axb4 Ra3 32. Qd2 Na6 33. bxc5 bxc5 34. Rxb7 Qc8 35. R7b3 Rxb3 36. Rxb3 Nb4 37. Bf1 Qa6 38. Qb2 Nc7 39. Rxb4 cxb4 40. Qxb4 Bxf5 41. exf5 Na8 42. Qb5 1-0

[Event "NOR-ch Mester"]
[Site "Stavanger"]
[Date "2017.07.07"]
[Round "8"]
[White "Hobber, Anders"]
[Black "Kjolberg, Jens Hjorth"]
[Result "1/2-1/2"]
[WhiteElo "2278"]
[BlackElo "2147"]
[PlyCount "67"]
[EventDate "2017.07.01"]
[EventType "swiss"]
[EventRounds "9"]
[EventCountry "NOR"]
[SourceTitle "EXT 2018"]
[Source "ChessBase"]
[SourceDate "2017.10.13"]
[SourceVersion "1"]
[SourceVersionDate "2017.10.13"]
[SourceQuality "1"]

1. d4 Nf6 2. Nf3 d5 3. e3 c5 4. dxc5 e6 5. a3 Bxc5 6. b4 Bd6 7. Bb2 a5 8. b5 0-0 9. Nbd2 Nbd7 10. c4 Qe7 11. Be2 Ne4 12. 0-0 Ndf6 13. Qc2 Bd7 14. a4 Rac8 15. Nxe4 Nxe4 16. Rfd1 Rfd8 17. Rac1 Be8 18. Qb1 Nc5 19. Qa2 f6 20. cxd5 exd5 21. Nd4 Bb8 22. Nf5 Qe4 23. Nd4 Bf7 24. Bf3 Qe8 25. g3 Ne4 26. Bg2 Ba7 27. Qb1 Bb6 28. Nf5 Rxc1 29. Qxc1 Kh8 30. Bd4 Bxd4 31. Nxd4 Rc8 32. Qa1 Rc4 33. Bf1 Rc7 34. Bg2 1/2-1/2

[Event "EU-Cup 32nd"]
[Site "Novi Sad"]
[Date "2016.11.10"]
[Round "5.5"]
[White "Kjolberg, Jens Hjorth"]
[Black "Georgakopoulos, Nikolaos K"]
[Result "0-1"]
[WhiteElo "2145"]
[BlackElo "2025"]
[PlyCount "64"]
[EventDate "2016.11.06"]
[EventType "team-swiss"]
[EventRounds "7"]
[EventCountry "SRB"]
[SourceTitle "CBM 176"]
[Source "ChessBase"]
[SourceDate "2017.01.17"]
[SourceVersion "1"]
[SourceVersionDate "2017.01.17"]
[SourceQuality "1"]
[WhiteTeam "Oslo SK 1911"]
[BlackTeam "Chania Chess Academy"]
[WhiteTeamCountry "NOR"]
[BlackTeamCountry "GRE"]

1. e4 c5 2. Nf3 Nc6 3. d4 cxd4 4. Nxd4 Nf6 5. Nc3 e5 6. Ndb5 d6 7. Bg5 a6 8. Na3 b5 9. Nd5 Be7 10. Bxf6 Bxf6 11. c3 Rb8 12. Nc2 Bg5 13. a3 0-0 14. Bd3 a5 15. Qe2 Na7 16. h4 Bh6 17. g4 Bf4 18. Nxf4 exf4 19. Qf3 Nc6 20. Qxf4 Ne5 21. 0-0-0 Be6 22. Rd2 Qc7 23. Kb1 b4 24. cxb4 axb4 25. axb4 Ra8 26. Rh3 Rfc8 27. Qe3 Nc4 28. Bxc4 Qxc4 29. b3 Qa6 30. Re2 Qa2+ 31. Kc1 Qa1+ 32. Kd2 Ra2 0-1

[Event "NOR-chB"]
[Site "Tromsoe"]
[Date "2016.07.09"]
[Round "1"]
[White "Gandrud, Vegar Koi"]
[Black "Kjolberg, Jens Hjorth"]
[Result "1-0"]
[WhiteElo "2286"]
[BlackElo "2131"]
[PlyCount "73"]
[EventDate "2016.07.09"]
[EventType "swiss"]
[EventRounds "9"]
[EventCountry "NOR"]
[SourceTitle "EXT 2024"]
[Source "ChessBase"]
[SourceDate "2023.10.10"]
[SourceVersion "1"]
[SourceVersionDate "2023.10.10"]
[SourceQuality "1"]

1. d4 Nf6 2. c4 e6 3. Nf3 d5 4. g3 Bb4+ 5. Nbd2 dxc4 6. Bg2 Nbd7 7. 0-0 0-0 8. Nxc4 Be7 9. Qc2 Nb6 10. Nce5 Bd7 11. Nxd7 Nbxd7 12. Rd1 c6 13. e4 c5 14. d5 exd5 15. e5 Ne8 16. Rxd5 Nc7 17. Rd3 Qc8 18. Be3 Ne6 19. Rad1 Rd8 20. Bh3 Qc6 21. Bg2 Qc7 22. Qa4 Nb6 23. Qe4 Rxd3 24. Rxd3 Rd8 25. Rxd8+ Nxd8 26. Ng5 g6 27. h4 Qd7 28. Kh2 Bxg5 29. Bxg5 Nc6 30. Be3 Qe7 31. f4 Nd7 32. Qa4 Ndb8 33. Qb5 Nd4 34. Qxb7 Qxb7 35. Bxb7 Ne6 36. Bc8 Nd4 37. b4 1-0

[Event "Fagernes op"]
[Site "Fagernes"]
[Date "2016.03.26"]
[Round "8.11"]
[White "Kjolberg, Jens Hjorth"]
[Black "Ranaldi, Lucas"]
[Result "1/2-1/2"]
[WhiteElo "2164"]
[BlackElo "2132"]
[PlyCount "121"]
[EventDate "2016.03.20"]
[EventType "swiss"]
[EventRounds "9"]
[EventCountry "NOR"]
[SourceTitle "CBM 171 Extra"]
[Source "ChessBase"]
[SourceDate "2016.04.26"]
[SourceVersion "1"]
[SourceVersionDate "2016.04.26"]
[SourceQuality "1"]

1. d4 Nf6 2. c4 g6 3. Nc3 Bg7 4. e4 d6 5. h3 0-0 6. Bg5 c5 7. d5 e6 8. Nf3 exd5 9. exd5 Qb6 10. Rb1 Re8+ 11. Be3 Bf5 12. Bd3 Ne4 13. Nxe4 Bxe4 14. 0-0 Bxd3 15. Qxd3 a5 16. a3 Na6 17. b3 Qc7 18. Rfe1 Qd7 19. Bd2 Rxe1+ 20. Rxe1 Nc7 21. a4 b6 22. Bc3 Re8 23. Bxg7 Rxe1+ 24. Nxe1 Kxg7 25. Qc3+ f6 26. Qg3 Qe7 27. Nd3 Kf7 28. Qh4 Ke8 29. Qg4 Qd7 30. Qf3 Qe7 31. h4 Kf7 32. h5 Kg7 33. Qg3 Qd7 34. Nf4 Qf5 35. hxg6 hxg6 36. Nd3 Qd7 37. Qe3 Qe8 38. Qg3 Qd7 39. Kh2 Kf7 40. Qe3 Kg7 41. Nf4 Kf7 42. Qe4 f5 43. Qe3 Qe8 44. Qh3 Qe5 45. Qg3 Qh8+ 46. Nh3 Ne8 47. Kg1 Qa1+ 48. Kh2 Qh8 49. f3 Qe5 50. f4 Qh8 51. Qe3 Nc7 52. Kg3 Qd4 53. Ng5+ Kf6 54. Qxd4+ cxd4 55. Kf3 Na6 56. Ne6 d3 57. Ke3 Nc5 58. Nxc5 bxc5 59. Kxd3 g5 60. Ke3 g4 61. g3 1/2-1/2

[Event "Fagernes op"]
[Site "Fagernes"]
[Date "2016.03.25"]
[Round "7.8"]
[White "Meskovs, Nikita"]
[Black "Kjolberg, Jens Hjorth"]
[Result "1-0"]
[WhiteElo "2469"]
[BlackElo "2164"]
[PlyCount "83"]
[EventDate "2016.03.20"]
[EventType "swiss"]
[EventRounds "9"]
[EventCountry "NOR"]
[SourceTitle "CBM 171 Extra"]
[Source "ChessBase"]
[SourceDate "2016.04.26"]
[SourceVersion "1"]
[SourceVersionDate "2016.04.26"]
[SourceQuality "1"]

1. d4 Nf6 2. c4 e6 3. Nc3 Bb4 4. f3 0-0 5. a3 Bxc3+ 6. bxc3 Nh5 7. Nh3 f5 8. e4 fxe4 9. Bg5 Qe8 10. fxe4 d6 11. e5 dxe5 12. Be2 Nf6 13. 0-0 Nbd7 14. c5 h6 15. Bxf6 Rxf6 16. Rxf6 Nxf6 17. dxe5 Nd7 18. Qd4 Nf8 19. Rb1 Rb8 20. Bf3 Bd7 21. Rxb7 Rxb7 22. Bxb7 Bc6 23. Bxc6 Qxc6 24. Nf4 Nd7 25. Nd3 a5 26. Kf2 Nf8 27. a4 Ng6 28. Qc4 Kh7 29. h4 h5 30. Kg3 Ne7 31. Nf4 Ng6 32. Qxe6 Qxe6 33. Nxe6 c6 34. Nd8 Nxe5 35. Nb7 Nd3 36. Kf3 Nb2 37. Ke4 Nxa4 38. Kd4 Kg6 39. Nxa5 Kf5 40. Nxc6 Kg4 41. Ne7 Kxh4 42. c6 1-0

[Event "NOR-chB"]
[Site "Oslo"]
[Date "2015.07.06"]
[Round "4"]
[White "Kjolberg, Jens Hjorth"]
[Black "Lien, Kjell Hakon"]
[Result "1/2-1/2"]
[WhiteElo "2061"]
[BlackElo "2107"]
[PlyCount "58"]
[EventDate "2015.07.04"]
[EventType "swiss"]
[EventRounds "9"]
[EventCountry "NOR"]
[SourceTitle "EXT 2017"]
[Source "ChessBase"]
[SourceDate "2016.10.25"]
[SourceVersion "1"]
[SourceVersionDate "2016.10.25"]
[SourceQuality "1"]

1. d4 Nf6 2. c4 g6 3. Nc3 Bg7 4. e4 d6 5. Nf3 0-0 6. Be2 e5 7. 0-0 Nc6 8. Be3 Ng4 9. Bg5 f6 10. Bh4 Nh6 11. dxe5 dxe5 12. Qxd8 Nxd8 13. Nd5 Ne6 14. Ne7+ Kf7 15. Nxc8 Rfxc8 16. Rad1 Rd8 17. Rxd8 Rxd8 18. Rd1 Rxd1+ 19. Bxd1 Ng8 20. Ne1 Ne7 21. f3 Nc6 22. Bf2 Bf8 23. Nd3 Nb4 24. Nxb4 Bxb4 25. Kf1 Bc5 26. Be1 Bd4 27. b3 f5 28. Bd2 a5 29. Bc2 c5 1/2-1/2

[Event "Fagernes Norsk op-A"]
[Site "Fagernes"]
[Date "2015.04.04"]
[Round "8"]
[White "Kjolberg, Jens Hjorth"]
[Black "Kaasen, Tor Fredrik"]
[Result "0-1"]
[WhiteElo "2094"]
[BlackElo "2099"]
[PlyCount "64"]
[EventDate "2015.03.29"]
[EventType "swiss"]
[EventRounds "9"]
[EventCountry "NOR"]
[SourceTitle "CBM 165 Extra"]
[Source "ChessBase"]
[SourceDate "2015.04.21"]
[SourceVersion "1"]
[SourceVersionDate "2015.04.21"]
[SourceQuality "1"]

1. d4 e6 2. c4 d5 3. Nc3 c6 4. e3 f5 5. Bd3 Bd6 6. Nge2 Nf6 7. Qc2 Ne4 8. 0-0 0-0 9. f3 Nf6 10. a3 Nh5 11. Nf4 Nxf4 12. exf4 dxc4 13. Bxc4 Bxf4 14. Qf2 Bc7 15. Rd1 Qf6 16. f4 Nd7 17. Be3 Rd8 18. Rac1 Nf8 19. Ba2 Bd7 20. d5 Bd6 21. dxc6 Bxc6 22. Bxa7 Bxf4 23. Rxd8 Qxd8 24. Qxf4 Rxa7 25. Qxf5 Ra5 26. Bxe6+ Kh8 27. Qf7 Nxe6 28. Re1 Ng5 29. Qf4 h6 30. h4 Nh7 31. Rd1 Qf6 32. Qb8+ Nf8 0-1

[Event "Fagernes Norsk op-A"]
[Site "Fagernes"]
[Date "2015.03.31"]
[Round "3"]
[White "Haugli, Petter"]
[Black "Kjolberg, Jens Hjorth"]
[Result "1/2-1/2"]
[WhiteElo "2247"]
[BlackElo "2094"]
[PlyCount "149"]
[EventDate "2015.03.29"]
[EventType "swiss"]
[EventRounds "9"]
[EventCountry "NOR"]
[SourceTitle "CBM 165 Extra"]
[Source "ChessBase"]
[SourceDate "2015.04.21"]
[SourceVersion "1"]
[SourceVersionDate "2015.04.21"]
[SourceQuality "1"]

1. d4 Nf6 2. c4 e6 3. Nc3 Bb4 4. e3 c5 5. Bd3 0-0 6. Nf3 b6 7. 0-0 Bb7 8. Bd2 cxd4 9. exd4 d5 10. cxd5 Nxd5 11. Qe2 Nd7 12. Rac1 Be7 13. Rfd1 N7f6 14. Ne5 Rc8 15. Ba6 Nxc3 16. bxc3 Qd5 17. Bxb7 Qxb7 18. Bg5 h6 19. Bh4 Rfe8 20. Re1 Nd7 21. Bg3 Nxe5 22. Bxe5 Bf8 23. Qd3 Qe7 24. Re3 Qa3 25. Rc2 Bd6 26. f4 Bf8 27. Rg3 Kh8 28. f5 f6 29. Bf4 e5 30. dxe5 Qc5+ 31. Kh1 Rcd8 32. Qf1 fxe5 33. Be3 Qc6 34. Rg6 Rd6 35. Rxd6 Qxd6 36. Rd2 Qc6 37. c4 Rc8 38. Rc2 Qe4 39. Rc3 Bb4 40. Rb3 Qxc4 41. Qxc4 Rxc4 42. Kg1 e4 43. g4 Bd6 44. Rb2 Rc3 45. Re2 Kg8 46. Bf2 Ra3 47. Kg2 Ra4 48. Be3 Kf7 49. h4 Ra5 50. Rd2 Be5 51. g5 hxg5 52. hxg5 Ke7 53. Rf2 Ra3 54. Re2 Kd6 55. Kf2 Kd5 56. Rd2+ Kc4 57. Rc2+ Rc3 58. Rd2 Rd3 59. Rc2+ Kb5 60. Ke2 a5 61. Rc1 Ra3 62. Rb1+ Kc4 63. Bxb6 Rxa2+ 64. Ke3 Bc3 65. Bd8 Rg2 66. Rc1 Kb3 67. Rxc3+ Kxc3 68. Bxa5+ Kc4 69. Kxe4 Rxg5 70. Bd8 Rg2 71. f6 g5 72. Bb6 Rg4+ 73. Kf5 Rf4+ 74. Kxg5 Rxf6 75. Kxf6 1/2-1/2

[Event "Oslo op-A"]
[Site "Oslo"]
[Date "2014.10.03"]
[Round "7"]
[White "Kjolberg, Jens Hjorth"]
[Black "Haugli, Petter"]
[Result "0-1"]
[WhiteElo "2058"]
[BlackElo "2277"]
[PlyCount "65"]
[EventDate "2014.09.28"]
[EventType "swiss"]
[EventRounds "9"]
[EventCountry "NOR"]
[SourceTitle "CBM 162 Extra"]
[Source "ChessBase"]
[SourceDate "2014.10.17"]
[SourceVersion "1"]
[SourceVersionDate "2014.10.17"]
[SourceQuality "1"]

1. d4 d5 2. c4 c6 3. e3 Nf6 4. Nc3 Bg4 5. Qb3 Qb6 6. Qxb6 axb6 7. cxd5 Nxd5 8. Nxd5 cxd5 9. Bd2 Nc6 10. Bb5 Bd7 11. Nf3 e6 12. Ke2 Bd6 13. Bd3 f6 14. Bc2 0-0 15. Rhc1 g5 16. h3 Kg7 17. a3 h5 18. Bc3 Rfc8 19. Nd2 Rc7 20. Re1 Rac8 21. Bd3 Be8 22. h4 Bg6 23. Bb5 Ne7 24. Kf1 Kf7 25. Rec1 Nf5 26. Nb3 Be7 27. Bb4 Bxb4 28. axb4 Nd6 29. Be2 Rc2 30. Bd1 Rxb2 31. Rxc8 Nxc8 32. Ke1 Nd6 33. Kf1 0-1

[Event "Oslo op-A"]
[Site "Oslo"]
[Date "2014.10.01"]
[Round "5"]
[White "Kjolberg, Jens Hjorth"]
[Black "Nilsen, Joachim Birger"]
[Result "1/2-1/2"]
[WhiteElo "2058"]
[BlackElo "2363"]
[PlyCount "64"]
[EventDate "2014.09.28"]
[EventType "swiss"]
[EventRounds "9"]
[EventCountry "NOR"]
[SourceTitle "CBM 162 Extra"]
[Source "ChessBase"]
[SourceDate "2014.10.17"]
[SourceVersion "1"]
[SourceVersionDate "2014.10.17"]
[SourceQuality "1"]

1. d4 Nf6 2. c4 e6 3. Nc3 Bb4 4. Nf3 0-0 5. Bg5 c5 6. Rc1 h6 7. Bxf6 Qxf6 8. g3 b6 9. Bg2 Bb7 10. dxc5 bxc5 11. 0-0 Qe7 12. Qc2 Nc6 13. Rfd1 Rfd8 14. a3 Ba5 15. Rd3 d6 16. Rcd1 Rd7 17. Bh3 Rad8 18. Qa4 Bb6 19. Bg2 Nd4 20. Ne1 Bxg2 21. Kxg2 Qf6 22. e3 Nf5 23. Nf3 h5 24. h3 Qh6 25. Qb3 Rc8 26. Qa4 Rcd8 27. Qb3 Qf6 28. Ne2 Qg6 29. Nf4 Qh6 30. Ne2 Qh7 31. Nc3 Ba5 32. Na4 Bb6 1/2-1/2

[Event "Oslo Sveins op 7th"]
[Site "Oslo"]
[Date "2014.06.20"]
[Round "7"]
[White "Kjolberg, Jens Hjorth"]
[Black "Westerinen, Heikki MJ"]
[Result "0-1"]
[WhiteElo "2077"]
[BlackElo "2306"]
[PlyCount "88"]
[EventDate "2014.06.20"]
[EventType "swiss"]
[EventRounds "9"]
[EventCountry "NOR"]
[SourceTitle "EXT 2015"]
[Source "ChessBase"]
[SourceDate "2014.11.20"]
[SourceVersion "1"]
[SourceVersionDate "2014.11.20"]
[SourceQuality "1"]

1. e4 e6 2. d4 d5 3. Nd2 c5 4. exd5 exd5 5. Bb5+ Nc6 6. Qe2+ Qe7 7. dxc5 Qxe2+ 8. Nxe2 Bxc5 9. Nb3 Bb6 10. Bg5 f6 11. Bh4 Nge7 12. 0-0-0 a6 13. Bxc6+ bxc6 14. Nc3 Nf5 15. Na4 Ba7 16. Bg3 Nxg3 17. fxg3 Kf7 18. Nac5 Bg4 19. Rde1 Rhe8 20. Kd2 Bb6 21. a4 a5 22. Nb7 Re5 23. Rhf1 Ke7 24. N7c5 Kd6 25. Nb7+ Ke7 26. N7c5 Rb8 27. Na6 Re8 28. h3 Bc8 29. Nac5 Kd6 30. Nd3 Re4 31. Nf4 Ba6 32. Rxe4 dxe4 33. Rd1 Bf2 34. Kc3+ Kc7 35. Nd4 Bxg3 36. Nde2 Bf2 37. Nd4 g5 38. Nfe2 f5 39. g3 Kb6 40. Kb3 Rd8 41. c3 Bxe2 42. Rd2 Bxd4 43. cxd4 Bd3 44. Kc3 f4 0-1

[Event "Fagernes Norsk op-B"]
[Site "Fagernes"]
[Date "2014.04.13"]
[Round "5"]
[White "Machlik, Monika"]
[Black "Kjolberg, Jens Hjorth"]
[Result "1-0"]
[WhiteElo "1976"]
[BlackElo "2092"]
[PlyCount "151"]
[EventDate "2014.04.13"]
[EventType "swiss"]
[EventRounds "9"]
[EventCountry "NOR"]
[SourceTitle "EXT 2016"]
[Source "ChessBase"]
[SourceDate "2015.10.08"]
[SourceVersion "1"]
[SourceVersionDate "2015.10.08"]
[SourceQuality "1"]

1. d4 Nf6 2. c4 g6 3. Nc3 Bg7 4. e4 d6 5. f4 0-0 6. Nf3 c5 7. d5 e6 8. dxe6 fxe6 9. Bd3 Nc6 10. 0-0 Nd4 11. Nxd4 cxd4 12. Nb5 e5 13. fxe5 dxe5 14. c5 Be6 15. Bg5 h6 16. Bxf6 Rxf6 17. Qc2 Qe7 18. Rxf6 Bxf6 19. Bc4 Bxc4 20. Qxc4+ Kg7 21. Nd6 Rf8 22. Rf1 Bg5 23. g3 Be3+ 24. Kg2 h5 25. b4 h4 26. Rxf8 Qxf8 27. Qe2 hxg3 28. hxg3 b6 29. a3 Kh7 30. Qf1 Qg8 31. Qc4 Qf8 32. Qe2 Kg7 33. cxb6 Qxd6 34. bxa7 Qc6 35. b5 Qa8 36. b6 Bg5 37. Qc2 Bd8 38. Qb1 Qb7 39. a4 Bxb6 40. a5 Qxa7 41. Qxb6 Qa8 42. Qc7+ Kh6 43. Qxe5 d3 44. Kf3 Kh7 45. Ke3 Qa6 46. Qc7+ Kh6 47. Qc5 Qf6 48. Kxd3 Qf1+ 49. Kd4 Qf2+ 50. Kd5 Qf7+ 51. Ke5 Qg7+ 52. Kd5 Qd7+ 53. Kc4 Qa4+ 54. Qb4 Qc2+ 55. Kb5 Qd3+ 56. Qc4 Qd7+ 57. Qc6 Qd3+ 58. Kb6 Qd4+ 59. Ka6 Qd3+ 60. Kb7 Qb3+ 61. Qb6 Qf7+ 62. Qc7 Qb3+ 63. Ka8 Qe6 64. e5 Qd5+ 65. Kb8 Qb3+ 66. Kc8 Qe6+ 67. Kd8 Qg8+ 68. Ke7 Qg7+ 69. Kd6 Qf8+ 70. Kd5 Qf3+ 71. Ke6 Qf5+ 72. Ke7 Qg5+ 73. Kf8 Qf5+ 74. Kg8 Qe6+ 75. Qf7 Qc8+ 76. Qf8+ 1-0

[Event "Oslo op"]
[Site "Oslo"]
[Date "2014.04.06"]
[Round "5"]
[White "Kjolberg, Jens Hjorth"]
[Black "Sousa, Ludy Helsio Paulo"]
[Result "0-1"]
[WhiteElo "1994"]
[BlackElo "2228"]
[PlyCount "97"]
[EventDate "2014.04.04"]
[EventType "swiss"]
[EventRounds "5"]
[EventCountry "NOR"]
[SourceTitle "EXT 2016"]
[Source "ChessBase"]
[SourceDate "2015.10.08"]
[SourceVersion "1"]
[SourceVersionDate "2015.10.08"]
[SourceQuality "1"]

1. c4 c5 2. Nc3 Nc6 3. g3 g6 4. Bg2 Bg7 5. e4 d6 6. Nge2 h5 7. h3 Be6 8. d3 Qc8 9. Be3 Bd7 10. Rc1 Nd4 11. Rb1 e5 12. b4 Ne7 13. bxc5 dxc5 14. Bg5 f6 15. Bd2 0-0 16. Nxd4 cxd4 17. Nb5 Bc6 18. 0-0 Qd7 19. Kh2 a6 20. Qb3 Kh7 21. Na3 f5 22. Bg5 fxe4 23. Bxe4 Rf7 24. Rbe1 Raf8 25. Qc2 Bxe4 26. Rxe4 Nf5 27. Qe2 Nd6 28. Rh4 Qf5 29. f4 Qxg5 30. fxg5 Rxf1 31. Kg2 Nf5 32. Kxf1 Nxg3+ 33. Ke1 Nxe2 34. Kxe2 Rf5 35. Re4 Rxg5 36. Kf2 Rf5+ 37. Kg2 Bf6 38. c5 h4 39. Nc4 Rg5+ 40. Kf2 Rg3 41. Nxe5 Bxe5 42. Rxe5 Rxd3 43. Re7+ Kh6 44. Kg2 Rd2+ 45. Kf3 Rxa2 46. Rxb7 Rc2 47. Rd7 Rxc5 48. Rxd4 Rc3+ 49. Kg2 0-1

[Event "Oslo op"]
[Site "Oslo"]
[Date "2014.04.05"]
[Round "2"]
[White "Kjolberg, Jens Hjorth"]
[Black "Nordquelle, Daniel"]
[Result "1-0"]
[WhiteElo "1994"]
[BlackElo "1661"]
[PlyCount "61"]
[EventDate "2014.04.04"]
[EventType "swiss"]
[EventRounds "5"]
[EventCountry "NOR"]
[SourceTitle "EXT 2016"]
[Source "ChessBase"]
[SourceDate "2015.10.08"]
[SourceVersion "1"]
[SourceVersionDate "2015.10.08"]
[SourceQuality "1"]

1. c4 f5 2. Nc3 Nf6 3. d4 e6 4. f3 Bb4 5. Bd2 d5 6. e3 0-0 7. Bd3 b6 8. cxd5 exd5 9. Nge2 c5 10. 0-0 Nc6 11. a3 Ba5 12. Be1 Qe7 13. Bf2 a6 14. Nf4 Bxc3 15. bxc3 b5 16. Bc2 c4 17. Qd2 Bd7 18. h3 a5 19. Bh4 Qd6 20. g4 fxg4 21. hxg4 b4 22. axb4 axb4 23. Rxa8 Rxa8 24. Bxf6 gxf6 25. Qh2 f5 26. Bxf5 Bxf5 27. gxf5 b3 28. Kh1 Ra7 29. Rg1+ Rg7 30. Rxg7+ Kxg7 31. Nh5+ 1-0